Entry Nombre corporativo
001 - NÚMERO DE CONTROL
- campo de control: 66142
003 - IDENTIFICADOR DEL NÚMERO DE CONTROL
- campo de control: BNPHU
005 - FECHA Y HORA DE LA ÚLTIMA TRANSACCIÓN
- campo de control: 20250219170734.0
008 - DATOS DE LONGITUD FIJA
- campo de control de longitud fija: 200615|| aca||aabn | a|a d
010 ## - NÚMERO DE CONTROL DE LA BIBLIOTECA DEL CONGRESO
- Número de control de LC: no2011039129
040 ## - FUENTE DE LA CATALOGACIÓN
- Centro catalogador/agencia de origen: DO-SdBNP
- Lengua de catalogación: spa
- Centro/agencia transcriptor: BNPHU
- Normas de descripción: rda
110 1# - ENCABEZAMIENTO-NOMBRE DE ENTIDAD CORPORATIVA
- Nombre de entidad corporativa o nombre de jurisdicción como elemento de entrada: República Dominicana.
- Unidad subordinada: Ministerio de Economía, Planificación y Desarrollo
368 ## - OTROS ATRIBUTOS DE PERSONA O ENTIDAD CORPORATIVA
- Tipo de entidad corporativa: Agencias administrativas
370 ## - LUGAR ASOCIADO
- Lugar de residencia/sede: República Dominicana
372 ## - CAMPO DE ACTIVIDAD
- Campo de actividad: Desarrollo económico
- Campo de actividad: Política económica
410 1# - TRAZADO DE VÉASE--NOMBRE DE ENTIDAD CORPORATIVA
- Nombre de entidad corporativa o nombre de jurisdicción como elemento de entrada: República Dominicana.
- Unidad subordinada: Economía, Planificación y Desarrollo, Ministerio de
410 2# - TRAZADO DE VÉASE--NOMBRE DE ENTIDAD CORPORATIVA
- Nombre de entidad corporativa o nombre de jurisdicción como elemento de entrada: MEPyD
510 1# - TRAZADO DE VÉASE ADEMÁS--NOMBRE DE ENTIDAD CORPORATIVA
- Información de relación/Frase instructiva de referencia: Predecesor :
- Nombre de entidad corporativa o nombre de jurisdicción como elemento de entrada: República Dominicana
- Unidad subordinada: Secretaría de Estado de Economía, Planificación y Desarrollo
- Subcampo de control: r
670 ## - FUENTE DE DATOS ENCONTRADOS
- Cita de la fuente: Work cat.: (OSt)39423: Plan de acción del programa de país 2012-2016 :, 2012.
670 ## - FUENTE DE DATOS ENCONTRADOS
- Cita de la fuente: Política social, capacidades y derechos, c2010
670 ## - FUENTE DE DATOS ENCONTRADOS
- Cita de la fuente: Apertura comercial y sostenibilidad fiscal, 2012
670 ## - FUENTE DE DATOS ENCONTRADOS
- Identificador Uniforme del Recurso: https://authorities.loc.gov/cgi-bin/Pwebrecon.cgi?AuthRecID=8582684&v1=1&HC=2&SEQ=20250219164352&PID=iSzQiZ8KrT3Ra5RFxmmIzxOFyq8 Consultado en 19 de febrero, 2025
